ASME 2011 Pacific Rim Technical Conference and Exhibition on Packaging and Integration of Electronic and Photonic Systems, MEMS and NEMS: Volume 2

Dades bibliogràfiques
Format: Electrònic Revista
Idioma:English
Publicat: ASME
Accés en línia:Full text available on ASME[2011-2011]
Off-campus access
LEADER 01057cas a2200181 a 4500
001 AALConferenceProceedingsASME000937
008 230101c9999 xx r poo 0 0eng d
020 |a 978-0-7918-4462-5 
040 |a BD-DhAAL  |c BD-DhAAL 
245 0 0 |h [electronic resource]  |a ASME 2011 Pacific Rim Technical Conference and Exhibition on Packaging and Integration of Electronic and Photonic Systems, MEMS and NEMS: Volume 2 
260 |b ASME 
300 |a 1 online resource 
500 |a <strong>Off-Campus Access:</strong> Athens ID and Password Required 
500 |a <strong>On-Campus Access:</strong> No User ID or Password Required 
506 |a Electronic access restricted to authorized BRAC University faculty, staff and students 
538 |a Mode of access: Internet 
856 4 0 |z Full text available on ASME[2011-2011]  |u https://asmedigitalcollection.asme.org/InterPACK/InterPACK2011/volume/44625 
856 4 0 |z Off-campus access  |u https://go.openathens.net/redirector/bracu.ac.bd?url=https%3A%2F%2Fasmedigitalcollection.asme.org%2FInterPACK%2FInterPACK2011%2Fvolume%2F44625